000 00653nam a2200277Ia 4500
005 20260324131007.0
008 008 260324s9999 xx 000 0 eng d
020 _a9780203043325
037 _aEBOOK
040 _aCRL
040 _beng
040 _cCRL
041 _2eng
041 _aeng
084 _qCRL
100 _aJoseph Heller
_91183821
245 0 _aBritish Policy Towards the Ottoman Empire 1908-1914
260 _bTaylor and Francis
260 _c2006
365 _a
365 _b230
856 _uhttp://www.taylorfrancis.com/books/9780203043325
942 _cEBOOK
999 _c1780590
_d1780590